New methods for the arbitrage pricing theory and the present value model

Đã lưu trong:
书目详细资料
主要作者: Mei, Jianping
格式: 图书
出版: World Scientific 1994
标签: 添加标签
没有标签, 成为第一个标记此记录!
Thư viện lưu trữ: Mạng thư viện Đại học Đà Nẵng
LEADER 00584nam a2200229 a 4500
001 000029431
003 25724
005 20171030145630.0
008 171030s1994
040 |a LTT 
082 0 |a 332.64  |b ME-J 
100 1 |a Mei, Jianping 
245 0 0 |a New methods for the arbitrage pricing theory and the present value model  |c Jianping Mei. 
260 |b World Scientific  |c 1994 
500 |a VSVN 
OWN |a LTT 
999 |a From the UDN01 
TYP |a Monograph 
TYP |a Printed language 
980 |a Mạng thư viện Đại học Đà Nẵng